Օպտոէլեկտրոնային կենսաբժշկական սարքեր : (Record no. 89229)
[ view plain ]
| 000 -LEADER | |
|---|---|
| fixed length control field | 00807nam a2200193 u 4500 |
| 001 - CONTROL NUMBER | |
| control field | 000249435 |
| 003 - CONTROL NUMBER IDENTIFIER | |
| control field | AM-YeHGA |
| 005 - DATE AND TIME OF LATEST TRANSACTION | |
| control field | 20250617125001.0 |
| 008 - FIXED-LENGTH DATA ELEMENTS--GENERAL INFORMATION | |
| fixed length control field | 030722s1998 ai r 000 0 arm d |
| 040 ## - CATALOGING SOURCE | |
| Original cataloging agency | AM-YeHGA |
| 090 ## - LOCALLY ASSIGNED LC-TYPE CALL NUMBER (OCLC); LOCAL CALL NUMBER (RLIN) | |
| -- | 90516 |
| 245 10 - TITLE STATEMENT | |
| Title | Օպտոէլեկտրոնային կենսաբժշկական սարքեր : |
| Remainder of title | Ուս. ձեռնարկ / |
| Statement of responsibility, etc. | Ժ.Գ. Դոխոլյան, Ս.Խ. Խուդավերդյան; ՀՀ կրթ. և գիտ. նախ. ԵՊՃՀ. |
| 260 ## - PUBLICATION, DISTRIBUTION, ETC. | |
| Place of publication, distribution, etc. | Երևան : |
| Name of publisher, distributor, etc. | ՀՊՃՀ հրատ, |
| Date of publication, distribution, etc. | 1998. |
| 300 ## - PHYSICAL DESCRIPTION | |
| Extent | 282 էջ : |
| Other physical details | նկ. |
| 504 ## - BIBLIOGRAPHY, ETC. NOTE | |
| Bibliography, etc. note | Գրականությունը՝ 30 անուն |
| 650 14 - SUBJECT ADDED ENTRY--TOPICAL TERM | |
| Topical term or geographic name entry element | Բուժական սարքավորումներ |
| 700 1# - ADDED ENTRY--PERSONAL NAME | |
| Personal name | Խուդավերդյան, Ս.Խ. |
| 710 2# - ADDED ENTRY--CORPORATE NAME | |
| Corporate name or jurisdiction name as entry element | Հայաստանի պետական ճարտարագիտական համալսարան |
| Withdrawn status | Lost status | Damaged status | Not for loan | Collection | Home library | Current library | Date acquired | Total checkouts | Full call number | Barcode | Date last seen | Price effective from | Koha item type | Public note |
|---|---|---|---|---|---|---|---|---|---|---|---|---|---|---|
| General | Fundamental Scientific Library | Fundamental Scientific Library | 22/12/2016 | AII/87969 | 220087969 | 22/12/2016 | 22/12/2016 | Գրքեր / Books | 30 Days Loan |
ՀՀ Գիտությունների ազգային ակադեմիայի հիմնարար գիտական գրադարան = Fundamental Scientific Library of NAS RA
All site content, except where otherwise noted, is licensed under a